The agreement for a lease; Head to head on details of draft agreement; Taking the tenant`s side of negotiation s (Record no. 8817)
[ view plain ]
| 000 -LEADER | |
|---|---|
| fixed length control field | 01034cab a2200229 4500 |
| 001 - CONTROL NUMBER | |
| control field | ABS38997 |
| 008 - FIXED-LENGTH DATA ELEMENTS--GENERAL INFORMATION | |
| fixed length control field | 090401t1988 xxu||||| |||| 00| 0 eng d |
| 035 ## - SYSTEM CONTROL NUMBER | |
| System control number | (Sirsi) u13697 |
| 041 ## - LANGUAGE CODE | |
| Language code of text/sound track or separate title | eng |
| 100 ## - MAIN ENTRY--PERSONAL NAME | |
| Personal name | Evans, D. |
| 245 #4 - TITLE STATEMENT | |
| Title | The agreement for a lease; Head to head on details of draft agreement; Taking the tenant`s side of negotiation s |
| 260 ## - PUBLICATION, DISTRIBUTION, ETC. | |
| Date of publication, distribution, etc. | 1988 |
| 350 ## - PRICE (NR) (BK AM CF MU VM SE) [OBSOLETE] | |
| Price | 0 |
| 490 ## - SERIES STATEMENT | |
| Series statement | Estates Times |
| Volume/sequential designation | (928) 22 January 1988, 4 |
| 520 ## - SUMMARY, ETC. | |
| Summary, etc. | A series of three articles considering the agreement for a lease , in the context of shopping centres . Examines the situation where the landlord, at his own cost is to build the shell of shop premises and the tenant is to fit out. The first article highlights the main areas with which both landlord and tenant should be concerned during negotiation and considers them in greater detail in the next two articles. |
| 650 ## - SUBJECT ADDED ENTRY--TOPICAL TERM | |
| Topical term or geographic name entry element | BUSINESS TENANCIES |
| 650 ## - SUBJECT ADDED ENTRY--TOPICAL TERM | |
| Topical term or geographic name entry element | DEVELOPMENT |
| 650 ## - SUBJECT ADDED ENTRY--TOPICAL TERM | |
| Topical term or geographic name entry element | RETAIL |
| 690 ## - LOCAL SUBJECT ADDED ENTRY--TOPICAL TERM (OCLC, RLIN) | |
| Topical term or geographic name as entry element | PROPERTY-COMMERCIAL PROPERTY |
| 942 ## - ADDED ENTRY ELEMENTS (KOHA) | |
| Suppress in OPAC | 0 |
| 948 ## - LOCAL PROCESSING INFORMATION (OCLC); SERIES PART DESIGNATOR (RLIN) | |
| c (OCLC) | 04/03/1997 |
| Withdrawn status | Lost status | Source of classification or shelving scheme | Damaged status | Not for loan | Home library | Current library | Shelving location | Date acquired | Total Checkouts | Full call number | Barcode | Date last seen | Copy number | Price effective from | Koha item type |
|---|---|---|---|---|---|---|---|---|---|---|---|---|---|---|---|
| Dewey Decimal Classification | London | London | Journal article | 14/09/1999 | ABS38997 | 13697-1001 | 06/08/2019 | 1 | 06/08/2019 | Journal article |